LEADER 01078nam0 2200253 450 001 000021077 005 20090105125413.0 100 $a20090105d1938----km-y0itay50------ba 101 0 $aita 102 $aIT 105 $ay-------001yy 200 1 $aDel sistema metrico della cittā di Napoli e della uniformitā de'pesi e delle misure che meglio si conviene a'reali domini di qua dal faro$fdi Ferdinando Visconti 210 $aNapoli$cDalla Stamperia Reale$d1838 215 $a224 p.$d23 cm 500 10$aDel sistema metrico della cittā di Napoli e della uniformitā de'pesi e delle misure che meglio si conviene a'reali domini di qua dal faro$947949 610 1 $aMisure 620 $aItalia$dNapoli 676 $a945.23$v19 700 1$aVisconti,$bFerdinando$f<1772-1847>$0309448 801 0$aIT$bUNIPARTHENOPE$c20090105$gRICA$2UNIMARC 912 $a000021077 951 $aBORB-C-12$bs.i.$cFB$d2008 996 $aDel sistema metrico della cittā di Napoli e della uniformitā de'pesi e delle misure che meglio si conviene a'reali domini di qua dal faro$947949 997 $aUNIPARTHENOPE LEADER 01438nam 2200373 450 001 000011624 005 20050718115400.0 010 $a0-521-22636-8 100 $a20020916d1979----km-y0itay0103----ba 101 0 $aeng 102 $aGB 200 1 $aRepresentation theory od Lie groups$eproceedings of the SRC/LMS Research Symposium on Representations od Lie Groups, Oxford, 28 June-15 July 1977$fM. F. Atiyah... et al. 210 $aCambridge [etc.]$cCambridge University Press$dc1979 215 $aV, 341 p.$d23 cm. 225 1 $aLondon Mathematical Society Lecture Note Series$v34 606 $aTeoria dei gruppi 676 $a512.2$v(20. ed.)$9Gruppi e teoria dei gruppi 691 $a20Cxx$9Group theory and generalizations. Representation theory of groups 700 1$aAtiyah,$bMichael Francis$044462 801 0$aIT$bUniversitā della Basilicata - B.I.A.$gRICA$2unimarc 912 $a000011624 996 $aRepresentation theory od Lie groups$979465 997 $aUNIBAS BAS $aMONSCI BAS $aMONOGR BAS $aSCIENZE CAT $aEXT002$b01$c20020916$lBAS01$h1121 CAT $c20050601$lBAS01$h1754 CAT $abatch$b01$c20050718$lBAS01$h1051 CAT $c20050718$lBAS01$h1110 CAT $c20050718$lBAS01$h1140 CAT $c20050718$lBAS01$h1154 FMT Z30 -1$lBAS01$LBAS01$mBOOK$1BASA5$ADipartimento Matematica$2GEN$BCollezione generale$3MAT$6614$5M614$820020916$f51$FRiservati